LEADER 01471nam2-2200433---450- 001 990001876410203316 005 20060112175827.0 010 $a88-8440-140-2 035 $a000187641 035 $aUSA01000187641 035 $a(ALEPH)000187641USA01 035 $a000187641 100 $a20040726d20022003km-y0itay0103----ba 101 0 $aita 102 $aIT 105 $aa|||||||001yy 200 1 $a<<2.>>$fCyril W. Beaumont, Margaret Craske, Derra de Moroda$gedizione italiana a cura di Brenda Hamlyn Bencini$gtraduzione e note di Francesca Falcone 210 $aRoma$cGremese$d2002 215 $a176 p.$cill.$d20 cm 225 2 $aPiccola biblioteca delle arti 410 0$12001$aPiccola biblioteca delle arti 454 1$12001$a<> theory and practice of allegro in classical ballet 454 1 $12001$a<> theory and practice of advanced allegro in classical ballet 461 1$1001000187639$12001$aFare danza 606 0 $aDanza$xManuali 676 $a792.8 700 1$aBEAUMONT,$bCyril W.$0564779 701 1$aCRASKE,$bMargaret$0564781 701 1 $aDE MORODA,$bDerra$0564782 702 1 $aHAMLYN BENCINI,$bBrenda 702 1 $aFALCONE,$bFrancesca 801 0$aIT$bsalbc$gISBD 912 $a990001876410203316 951 $aXIII.4. 19/2(VII E 739)$b172755 L.M.$cVII E$d00092046 959 $aBK 969 $aUMA 979 $aPECORARO$b90$c20040726$lUSA01$h1631 979 $aCOPAT6$b90$c20060112$lUSA01$h1758 997 $aUNISA